000 00699nas a2200229 4500
001 BR4300106
003 BR-BrBNA
005 20231205081827.0
007 ta
008 230509b bl.|||p| |||| 00| 00por d
040 _aBR-BrBNA
_bpor
_cBiblioteca Nacional de Agricultura
041 _a(Pt)
072 _aE15
100 1 _aBelda Filho, J.
245 1 _aSubsidios a padronizacao legal da contabilidade nas cooperativas
650 _aMicroeconomia
650 _aCooperativa
650 _aContabilidade
773 0 _tBoletim de Cooperativismo do Estado do Rio de Janeiro (Brazil)
_x
_g(Apr 1943), v. 2(16) p. 21-24
_wBR4300106
909 _a202311
_bLúcia
_c55
_dLúcia Elande
942 _2AGRIS
_n0
_cANA
999 _c87138
_d87138